000 00445nam a2200157Ia 4500
008 150509s9999 xx 000 0 und d
082 _a368.815 HIC
100 _aHickmott, G. J. R.
245 _aPrinciples and practice of interruption insurance
260 _aLondon:
260 _bWitherby
260 _c1982
300 _axxxii, 933p. :ill. ;22cm
500 _aInclude index
650 _aInsurance, Business interruoptionInsurance, casualty
999 _c6123
_d6123